000
00229nam a2200097Ia 4500
005
20251222154425.0
008
251222s9999||||xx |||||||||||||| ||spa||
082
_a
REF.985.008/C76/T.XXIII/V.I
245
0
_a
Periódicos
942
_c
LIB
999
_c
36208
_d
36208